| 000 | 03308nam a22003377u 4500 | ||
|---|---|---|---|
| 001 | pwiiw4962 | ||
| 003 | OSt | ||
| 005 | 20260516120038.0 | ||
| 008 | 190614t2019 au ||||| |||| 00| ||eng d | ||
| 040 | _cOSt | ||
| 041 | _aeng | ||
| 084 |
_aG01 _aG21 _2jelc |
||
| 100 | 1 | _aBykova, Alexandra | |
| 245 | 1 | 0 | _aNon-Performing Loans in Central and Southeast Europe |
| 260 |
_aWien : _bWiener Institut für Internationale Wirtschaftsvergleiche (wiiw), _c2019. |
||
| 300 |
_a29 S., _b6 Tables and 9 Figures, _c30cm. |
||
| 490 | 1 |
_awiiw Policy Notes and Reports _v32 |
|
| 520 | _aExploring the determinants of credit risk has gained importance in the aftermath of the global financial crisis, which caused a sharp increase in non-performing loans (NPLs) in Central, East and Southeast Europe. In this note we first analyse the post-crisis trends in NPLs comparing five Southeast European countries with their peers in Central and Eastern Europe. Second, we estimate the effect of key macroeconomic drivers on NPL development in the region. We distinguish between total household loans, non-secured consumer loans, housing loans and loans to non-financial corporations, and investigate separately their corresponding determinants. On average across the five Southeast European countries examined (Bosnia and Herzegovina, Croatia, Montenegro, Serbia, and Slovenia), after the crisis asset quality of corporate loans deteriorated more strongly than that of household loans. We find that GDP growth has a negative and statistically significant impact on NPLs for all types of loans. However, the impact on corporate loan quality is much greater than for households, and in particular for consumer loans (housing loans’ NPLs show a stronger negative relationship with GDP growth). We therefore conclude that the consumer loan quality is less susceptible to the business cycle than either corporate or housing lending. One possible explanation for this is that the amounts involved are smaller, and can often be serviced in times of difficulty by friends or relatives. This probably included relatives living abroad, given that outward migration from the Western Balkans is so high, and remittances inflows so large. We find that various other macroeconomic indicators have an impact on asset quality. Rises in consumer and producer price inflation are associated with higher NPL ratios for all types of loans, but changes in real interest rates affect corporates more than households. This may be because corporates have a greater share of floating rate loans. Interestingly, higher unemployment also appears to affect corporate asset quality more strongly than that of households: this may again be related to the possibility of friends or relatives helping out with loan repayments for smaller consumer loans. Finally, we also find that periods of elevated loan growth are followed eventually by higher NPL levels. | ||
| 650 | _aSoutheast Europe | ||
| 650 | _anon-performing loans | ||
| 650 | _acredit cycle | ||
| 650 | _afinancial crisis | ||
| 650 | _aunsecured household loans | ||
| 651 | _aCEE | ||
| 651 | _aSEE | ||
| 690 | _aSectoral studies | ||
| 700 | 1 | _aPindyuk, Olga | |
| 830 | 0 |
_v32 _wWIIW0000092 _twiiw Policy Notes and Reports |
|
| 856 | 4 | 0 | _uhttps://wiiw.ac.at/p-4962.html |
| 942 | _cP | ||
| 999 |
_c8804 _d8804 |
||